| 000 | 00509nam a2200193 a 4500 | ||
|---|---|---|---|
| 005 | 20140310183332.0 | ||
| 008 | 060825s19uu xx 00 eng d | ||
| 020 | _a9780240806952 | ||
| 050 |
_aPN 1995.9.P7 _b.C54 2006 |
||
| 100 | _aCleve, Bastian | ||
| 245 |
_aFilm production management / _cBastian Cleve. |
||
| 250 | _a3rd ed. | ||
| 260 |
_aAmsterdam : _bFocal Press, _c2006. |
||
| 300 |
_a226 p. : _c26 cm. |
||
| 521 | _aMC | ||
| 650 | _aFilm production. | ||
| 942 |
_cBK _2lcc _kFOR |
||
| 999 |
_c21587 _d21587 |
||